00301nam a2200121 450000500170000002000150001708200160003210000190004824500470006726000350011430000090014949000210015820250822113305.0 a9552307627 a541.369 FER aFernando,J.N.O aAdvanced Classical Thermodynamics unit VII aColombobOpen Universityc1999 a89 p aLevel 5 CHU 3340